000 00365nam a2200157Ia 4500
005 20250425161016.0
008 250425s9999 xx 000 0 und d
041 _aspa
082 _aIBM4381
245 0 _aEJERCICIOS DE LANORATORIO DE INGENIERIA QUIMI
250 _aS.E.
260 _aS.L.
260 _aSin Pais
_bS.E.
_c1969
942 _c01
010 _a10478
999 _c200575
_d200575